[Event "Morava Region-chTA"]
[Site "Czech Republic"]
[Date "2025.01.26"]
[Round "7.3"]
[White "Busos, Daniel"]
[Black "Rell, Martin"]
[Result "0-1"]
[WhiteElo "1792"]
[BlackElo "1893"]
[PlyCount "64"]
[EventDate "2024.10.13"]
[EventType "team-tourn"]
[EventRounds "11"]
[EventCountry "CZE"]
[SourceTitle "CB16_2025"]
[SourceDate "2025.04.16"]
[SourceVersion "1"]
[SourceVersionDate "2025.04.16"]
[SourceQuality "1"]
[WhiteTeam "Albrechtice Tatran"]
[BlackTeam "Opava Slezan III"]
[WhiteTeamCountry "CZE"]
[BlackTeamCountry "CZE"]

1. e4 Nf6 2. e5 Nd5 3. c4 Nb6 4. d4 d6 5. f4 dxe5 6. fxe5 Nc6 7. c5 Nd5 8. Bb5 Bd7 9. Nc3 Nxc3 10. bxc3 Nxe5 11. Qa4 a6 12. Bxd7+ Qxd7 13. Qxd7+ Nxd7 14. Bf4 e5 15. Bg3 exd4 16. cxd4 0-0-0 17. Nf3 Be7 18. 0-0 Bf6 19. Ne5 Bxe5 20. dxe5 f6 21. exf6 Nxf6 22. Bh4 Rhf8 23. Rae1 Kd7 24. Re5 Rde8 25. Bxf6 Rxf6 26. Rd1+ Rd6 27. cxd6 Rxe5 28. dxc7+ Kxc7 29. Rd2 b5 30. Kf2 Re7 31. a4 Kb6 32. Ra2 b4 0-1

[Event "Morava Region-chTA"]
[Site "Czech Republic"]
[Date "2025.01.12"]
[Round "6.2"]
[White "Pindjak, Michal"]
[Black "Rell, Martin"]
[Result "1/2-1/2"]
[WhiteElo "1840"]
[BlackElo "1893"]
[PlyCount "37"]
[EventDate "2024.10.13"]
[EventType "team-tourn"]
[EventRounds "11"]
[EventCountry "CZE"]
[SourceTitle "CB16_2025"]
[SourceDate "2025.04.16"]
[SourceVersion "1"]
[SourceVersionDate "2025.04.16"]
[SourceQuality "1"]
[WhiteTeam "Fulnek"]
[BlackTeam "Opava Slezan III"]
[WhiteTeamCountry "CZE"]
[BlackTeamCountry "CZE"]

1. e4 c5 2. Nf3 e6 3. d4 cxd4 4. Nxd4 Nc6 5. Nc3 a6 6. Be2 Nf6 7. Bg5 Be7 8. 0-0 Nxe4 9. Nxc6 bxc6 10. Bxe7 Nxc3 11. Bxd8 Nxd1 12. Ba5 Nxb2 13. Bc3 Na4 14. Bxg7 Rg8 15. Bd4 c5 16. Bf3 d5 17. Be5 Nb6 18. Rfe1 Kd7 19. Bh5 1/2-1/2

[Event "Morava Region-chTA"]
[Site "Czech Republic"]
[Date "2024.11.03"]
[Round "2.2"]
[White "Pudich, Petr"]
[Black "Rell, Martin"]
[Result "0-1"]
[WhiteElo "1842"]
[BlackElo "1893"]
[PlyCount "110"]
[EventDate "2024.10.13"]
[EventType "team-tourn"]
[EventRounds "11"]
[EventCountry "CZE"]
[SourceTitle "CB16_2025"]
[SourceDate "2025.04.16"]
[SourceVersion "1"]
[SourceVersionDate "2025.04.16"]
[SourceQuality "1"]
[WhiteTeam "Ludgerovice"]
[BlackTeam "Opava Slezan III"]
[WhiteTeamCountry "CZE"]
[BlackTeamCountry "CZE"]

1. d4 d5 2. e3 Nf6 3. Nf3 Bf5 4. c4 e6 5. a3 c6 6. b4 Nbd7 7. Bb2 Bd6 8. Nbd2 0-0 9. Be2 Ne4 10. 0-0 Ndf6 11. c5 Bc7 12. Ne5 Nxd2 13. Qxd2 Ne4 14. Qe1 f6 15. Nd3 Qe8 16. f4 Qg6 17. Nf2 Nxf2 18. Qxf2 Rae8 19. Qg3 Qxg3 20. hxg3 Be4 21. Bf3 f5 22. Bxe4 fxe4 23. Bc3 Kf7 24. Kf2 h6 25. Rh1 Kg6 26. Rh2 e5 27. Rah1 exf4 28. gxf4 Ra8 29. Ra1 a5 30. Rhh1 axb4 31. axb4 Kf6 32. Rxa8 Rxa8 33. Ra1 Rxa1 34. Bxa1 Kf5 35. Bc3 Kg4 36. Be1 Bd8 37. g3 Kh3 38. Bc3 g6 39. Bd2 h5 40. Bc1 g5 41. Bd2 g4 42. Be1 h4 43. Kg1 hxg3 44. Bd2 Bf6 45. Bc3 Bd8 46. Bd2 b6 47. Bc3 bxc5 48. bxc5 g2 49. Be1 Bf6 50. Bf2 Be7 51. Be1 Bd8 52. Bf2 Ba5 53. f5 g3 54. Bxg3 Kxg3 55. f6 Be1 0-1

[Event "Moravia-Silesia Region-chT 2223"]
[Site "Czech Republic"]
[Date "2022.10.09"]
[Round "1"]
[White "Petrov, Nikolaj"]
[Black "Rell, Martin"]
[Result "1/2-1/2"]
[WhiteElo "1696"]
[BlackElo "1764"]
[PlyCount "79"]
[EventDate "2022.10.09"]
[EventType "team-tourn"]
[EventRounds "11"]
[EventCountry "CZE"]
[SourceTitle "EXT 2024"]
[Source "ChessBase"]
[SourceDate "2023.10.10"]
[SourceVersion "1"]
[SourceVersionDate "2023.10.10"]
[SourceQuality "1"]
[WhiteTeam "Ostrava III"]
[BlackTeam "Opava Slezan"]
[WhiteTeamCountry "CZE"]
[BlackTeamCountry "CZE"]

1. Nf3 d5 2. c4 e6 3. b3 Nf6 4. Bb2 g6 5. g3 Bg7 6. Bg2 0-0 7. d4 b6 8. 0-0 Bb7 9. Nbd2 Nbd7 10. Rc1 c5 11. Ba3 Rc8 12. Re1 Re8 13. Ng5 cxd4 14. Ndf3 h6 15. Nh3 e5 16. Nd2 Nc5 17. b4 Nce4 18. cxd5 Rxc1 19. Bxc1 Nxd2 20. Bxd2 Bxd5 21. a3 Bxg2 22. Kxg2 Qd5+ 23. f3 g5 24. Qa4 Re7 25. Rc1 e4 26. Ng1 Qd7 27. b5 g4 28. f4 e3 29. Bb4 Qb7+ 30. Rc6 Rd7 31. Qc2 Rc7 32. Kf1 Rxc6 33. bxc6 Qc7 34. Bd6 Qc8 35. Be5 Ne8 36. Bxg7 Nxg7 37. Qe4 Qe6 38. Qxd4 Qxc6 39. Qxe3 Qd6 40. Qd3 1/2-1/2

[Event "Prague Golden op"]
[Site "Prague"]
[Date "2021.07.16"]
[Round "7"]
[White "Chon, Jeremy"]
[Black "Rell, Martin"]
[Result "1/2-1/2"]
[WhiteElo "1496"]
[BlackElo "1753"]
[PlyCount "91"]
[EventDate "2021.07.10"]
[EventType "swiss"]
[EventRounds "9"]
[EventCountry "CZE"]
[SourceTitle "CBM 203 Extra"]
[Source "ChessBase"]
[SourceDate "2021.09.30"]
[SourceVersion "1"]
[SourceVersionDate "2021.09.30"]
[SourceQuality "1"]

1. Nf3 d5 2. d4 Nf6 3. e3 c5 4. c3 e6 5. Bd3 Nc6 6. Nbd2 Bd6 7. e4 cxd4 8. cxd4 dxe4 9. Nxe4 Be7 10. Bc2 b6 11. Ba4 Bb7 12. Qc2 Rc8 13. Ne5 Qd5 14. f3 0-0 15. Bxc6 Bxc6 16. Nxc6 Rxc6 17. Qd3 Rd8 18. Be3 Qd7 19. 0-0 Nxe4 20. Qxe4 Bf6 21. Rac1 Rdc8 22. Rxc6 Qxc6 23. Rc1 Qd7 24. Rxc8+ Qxc8 25. Qd3 h6 26. b3 Qc6 27. Qc4 Qxc4 28. bxc4 Kf8 29. Kf1 Ke7 30. Ke2 Kd6 31. Kd3 Kc6 32. a4 a6 33. Bf4 b5 34. axb5+ axb5 35. cxb5+ Kxb5 36. Be5 Bxe5 37. dxe5 Kc5 38. Ke4 g6 39. f4 Kc4 40. g4 Kc3 41. h4 Kd2 42. h5 gxh5 43. gxh5 Ke2 44. f5 Kf2 45. fxe6 fxe6 46. Kf4 1/2-1/2

[Event "Prague Golden op"]
[Site "Prague"]
[Date "2021.07.15"]
[Round "6"]
[White "Rell, Martin"]
[Black "Rous, Dominik"]
[Result "1/2-1/2"]
[WhiteElo "1753"]
[BlackElo "1463"]
[PlyCount "105"]
[EventDate "2021.07.10"]
[EventType "swiss"]
[EventRounds "9"]
[EventCountry "CZE"]
[SourceTitle "CBM 203 Extra"]
[Source "ChessBase"]
[SourceDate "2021.09.30"]
[SourceVersion "1"]
[SourceVersionDate "2021.09.30"]
[SourceQuality "1"]

1. c4 d6 2. g3 g6 3. Bg2 Bg7 4. Nf3 e5 5. Nc3 Ne7 6. d4 exd4 7. Nxd4 Nbc6 8. Nxc6 Nxc6 9. 0-0 0-0 10. Qd2 Be6 11. b3 a6 12. Bb2 Re8 13. Nd5 Bxb2 14. Qxb2 Bxd5 15. Bxd5 Qe7 16. e3 Qe5 17. Qxe5 Rxe5 18. Rfd1 Kf8 19. Rd2 h6 20. c5 Ke7 21. Rc1 Rd8 22. e4 dxc5 23. Rxc5 Rxe4 24. Rdc2 Re1+ 25. Kg2 Nb4 26. Rxc7+ Kd6 27. Bxb7 Nxc2 28. Rxc2 a5 29. Ba6 Re5 30. Bc4 Rc8 31. Rd2+ Ke7 32. f4 Rec5 33. Re2+ Kf6 34. Rd2 R8c7 35. Kf3 g5 36. Rd6+ Kg7 37. g4 gxf4 38. Rd4 f6 39. Kxf4 h5 40. h3 hxg4 41. hxg4 Kh6 42. Rd6 R7c6 43. Rd1 Rc7 44. Rg1 a4 45. Rh1+ Kg7 46. Re1 Kh6 47. Re8 axb3 48. axb3 Rc8 49. Rxc8 Rxc8 50. Ke4 Kg5 51. Be6 Rb8 52. Kd4 Rxb3 53. Bxb3 1/2-1/2

[Event "Prague Golden op"]
[Site "Prague"]
[Date "2021.07.12"]
[Round "3"]
[White "Rell, Martin"]
[Black "Pisar, Tomas"]
[Result "0-1"]
[WhiteElo "1753"]
[BlackElo "1488"]
[PlyCount "34"]
[EventDate "2021.07.10"]
[EventType "swiss"]
[EventRounds "9"]
[EventCountry "CZE"]
[SourceTitle "CBM 203 Extra"]
[Source "ChessBase"]
[SourceDate "2021.09.30"]
[SourceVersion "1"]
[SourceVersionDate "2021.09.30"]
[SourceQuality "1"]

1. e4 e5 2. Nf3 Nc6 3. Bc4 Nf6 4. d3 Be7 5. Nc3 d6 6. h3 Na5 7. Bb3 Nxb3 8. axb3 0-0 9. Be3 b6 10. Qd2 Bb7 11. 0-0-0 a5 12. g4 d5 13. exd5 Nxd5 14. Nxd5 Bxd5 15. Qe2 a4 16. bxa4 Rxa4 17. c4 Qa8 0-1

[Event "Prague Golden op"]
[Site "Prague"]
[Date "2021.07.10"]
[Round "1"]
[White "Lacrosse, Marc"]
[Black "Rell, Martin"]
[Result "1-0"]
[WhiteElo "2110"]
[BlackElo "1753"]
[PlyCount "65"]
[EventDate "2021.07.10"]
[EventType "swiss"]
[EventRounds "9"]
[EventCountry "CZE"]
[SourceTitle "CBM 203 Extra"]
[Source "ChessBase"]
[SourceDate "2021.09.30"]
[SourceVersion "1"]
[SourceVersionDate "2021.09.30"]
[SourceQuality "1"]

1. d4 d5 2. c4 e6 3. Nf3 Nf6 4. Nc3 a6 5. cxd5 exd5 6. Bg5 Be7 7. Qc2 c6 8. e3 Bg4 9. Ne5 Nbd7 10. Nxg4 Nxg4 11. Bf4 Ngf6 12. h3 Nf8 13. Bd3 Ne6 14. Be5 h6 15. 0-0 Bd6 16. Rab1 0-0 17. b4 Bxe5 18. dxe5 Nd7 19. f4 d4 20. exd4 Nxd4 21. Qf2 Nb5 22. Ne4 f5 23. Ng3 Nc3 24. Rbd1 Nxd1 25. Rxd1 Qc7 26. Nxf5 Rae8 27. Qg3 Nxe5 28. fxe5 Qxe5 29. Qg6 Rxf5 30. Bxf5 Qe3+ 31. Kh1 Qe5 32. Rf1 Rd8 33. Bc2 1-0